Učitavanje...

A Search for Home

Bibliografski detalji
Glavni autor: Brata,Sasthi
Format: Printed Book
Izdano: New Delhi: Orient Paperbacks; 1975
LEADER 00358nam a22001217a 4500
082 |a 8A3 BRA-S 
100 |a Brata,Sasthi 
245 |a A Search for Home 
260 |a New Delhi:  |b Orient Paperbacks;  |c 1975 
300 |a 151p. 
942 |c BK 
999 |c 305058  |d 305058 
952 |0 0  |1 0  |4 0  |6 8A3_BRAS  |7 0  |9 325889  |a ENG  |b ENG  |d 2020-10-20  |l 0  |o 8A3 BRA-S  |p ENG9453  |r 2020-10-20  |w 2020-10-20  |y BK